Fighting Nature (Record no. 93554)

MARC details
000 -LEADER
fixed length control field 01753nam a2200253Ii 4500
008 - FIXED-LENGTH DATA ELEMENTS--GENERAL INFORMATION
fixed length control field 221202s xx 000 0 und d
100 1# - MAIN ENTRY--PERSONAL NAME
Personal name Tait, Peta,
Relator term author
245 #0 - TITLE STATEMENT
Title Fighting Nature
246 ## - VARYING FORM OF TITLE
Title proper/short title Travelling Menageries, Animal Acts and War Shows
264 #1 - PRODUCTION, PUBLICATION, DISTRIBUTION, MANUFACTURE, AND COPYRIGHT NOTICE
Place of production, publication, distribution, manufacture Sydney
Name of producer, publisher, distributor, manufacturer Sydney University Press
Date of production, publication, distribution, manufacture, or copyright notice 2015
300 ## - PHYSICAL DESCRIPTION
Extent 1 online resource
336 ## - CONTENT TYPE
Content type term text
Content type code txt
Source rdacontent
337 ## - MEDIA TYPE
Media type term computer
Media type code c
Source rdamedia
338 ## - CARRIER TYPE
Carrier type term online resource
Carrier type code cr
Source rdacarrier
490 ## - SERIES STATEMENT
Series statement Animal Publics
520 ## - SUMMARY, ETC.
Summary, etc. Fighting Nature is an insightful analysis of the historical legacy of 19th century colonialism, war, animal acquisition and transportation. This legacy of entrenched beliefs about the human right to exploit other animal species is yet to be defeated. Throughout the 19th century animals were integrated into staged scenarios of confrontation, ranging from lion acts in small cages to large-scale re-enactments of war. Initially presenting a handful of exotic animals, travelling menageries grew to contain multiple species in their thousands. These 19th-century menageries entrenched beliefs about the human right to exploit nature through war-like practices against other animal species. Animal shows became a stimulus for antisocial behaviour as locals taunted animals, caused fights, and even turned into violent mobs. Human societal problems were difficult to separate from issues of cruelty to animals.
653 ## - INDEX TERM--UNCONTROLLED
Uncontrolled term 19Th Century
653 ## - INDEX TERM--UNCONTROLLED
Uncontrolled term Animal Rights
653 ## - INDEX TERM--UNCONTROLLED
Uncontrolled term Animal Spectacles
653 ## - INDEX TERM--UNCONTROLLED
Uncontrolled term Animal Welfare
653 ## - INDEX TERM--UNCONTROLLED
Uncontrolled term History
856 ## - ELECTRONIC LOCATION AND ACCESS
Uniform Resource Identifier <a href="https://docs.google.com/spreadsheets/d/1yKIrdCPDAG_9c22mwoOIO2DOhtj65Wqa/edit?usp=sharing&ouid=106555315294820607512&rtpof=true&sd=true ">https://docs.google.com/spreadsheets/d/1yKIrdCPDAG_9c22mwoOIO2DOhtj65Wqa/edit?usp=sharing&ouid=106555315294820607512&rtpof=true&sd=true </a>
Link text List of Curated E-Books
942 ## - ADDED ENTRY ELEMENTS (KOHA)
Koha item type E-Book

No items available.

University of Rizal System
Email us at univlibservices@urs.edu.ph

Visit our Website www.urs.edu.ph/library